000 00802nam a2200313Ia 4500
001 17732
003 IT-RoPAU
008 130308s9999 xx 000 0 und d
040 _aIT-RoPAU
040 _cIT-RoPAU
041 _aFRANCESE
100 _aChomsky Noam
100 _gCodice Aut. SPICS: 8057
245 _aExposè du paradoxe
245 _bTheories Du Langage-Theories de L'Apprentissage
250 _a1a ed.
260 _aPARIS
260 _bSeuil
260 _c1982 [1° Ed.:1982 - Ed.Ling.Originale:1975]
300 _a"4 p. (prefazione: no ; testo: 4 [pagine: 379-382])"
650 _aSEMIOLOGIA
650 _eCodice materia Spics: 3251
700 _aFodor Jerry
700 _gCodice Aut. SPICS: 11425
942 _cBK
957 _71
999 _c40745
_d40745
999 _bSI
999 _g1